Normal view
MARC view
Entry Personal Name
001 - CONTROL NUMBER
- control field: 1790
003 - CONTROL NUMBER IDENTIFIER
- control field: BD-RjUL
005 - DATE AND TIME OF LATEST TRANSACTION
- control field: 20220309153250.0
008 - FIXED-LENGTH DATA ELEMENTS
- fixed length control field: 220309|| aca||aabn | a|a d
040 ## - CATALOGING SOURCE
- Original cataloging agency: BD-RjUL
- Transcribing agency: BD-RjUL
100 ## - HEADING--PERSONAL NAME
- Personal name: Chowdhury, Md. Abdul Mazed
670 ## - SOURCE DATA FOUND
- Source citation: Work cat.: (BD-RjUL)79531: Chowdhury, Md. Abdul Mazed, Correlates of High-Risk and Low-Risk Childbearing Pattern in Bangladesh /, 2004